Emergency Abdominal surgery / (Record no. 1322)

MARC details
000 -LEADER
fixed length control field 00652nam a22002177a 4500
003 - CONTROL NUMBER IDENTIFIER
control field OSt
005 - DATE AND TIME OF LATEST TRANSACTION
control field 20150401125952.0
008 - FIXED-LENGTH DATA ELEMENTS--GENERAL INFORMATION
fixed length control field 150401b xxu||||| |||| 00| 0 eng d
020 ## - INTERNATIONAL STANDARD BOOK NUMBER
International Standard Book Number 0412819503
040 ## - CATALOGING SOURCE
Transcribing agency DNLM
082 ## - DEWEY DECIMAL CLASSIFICATION NUMBER
Classification number WO 700 E32p 1998
245 ## - TITLE STATEMENT
Title Emergency Abdominal surgery /
Statement of responsibility, etc. Edited by Peter F. Jones, [et...al]
250 ## - EDITION STATEMENT
Edition statement 3rd ed.
260 ## - PUBLICATION, DISTRIBUTION, ETC. (IMPRINT)
Place of publication, distribution, etc. London :
Name of publisher, distributor, etc. Chapman & Hall Medical;
Date of publication, distribution, etc. 1998.
300 ## - PHYSICAL DESCRIPTION
Extent xxii, 555 p :
Other physical details ill;
Dimensions 27 cm.
504 ## - BIBLIOGRAPHY, ETC. NOTE
Bibliography, etc Includes bibliographical references and index.
650 ## - SUBJECT ADDED ENTRY--TOPICAL TERM
Topical term or geographic name as entry element Abdominal surgery
9 (RLIN) 3510
700 ## - ADDED ENTRY--PERSONAL NAME
Relator code Editor
Personal name Jones Peter F.
9 (RLIN) 3511
700 ## - ADDED ENTRY--PERSONAL NAME
Relator code editor
Personal name [et...al]
9 (RLIN) 867
942 ## - ADDED ENTRY ELEMENTS (KOHA)
Source of classification or shelving scheme Other/Generic Classification Scheme
Koha item type Short Loan
Holdings
Withdrawn status Lost status Source of classification or shelving scheme Damaged status Not for loan Home library Current library Date acquired Source of acquisition Inventory number Total Checkouts Full call number Barcode Date last seen Price effective from Koha item type
    Other/Generic Classification Scheme     MUST Main Library MUST Main Library 01/04/2015   2004/21975   WO 700 E32p 1998 2015-0763 01/04/2015 01/04/2015 Short Loan
    Other/Generic Classification Scheme     MUST Main Library MUST Main Library 14/04/2015   2004/21976   WO 700 E32p 1998 2015-0955 14/04/2015 14/04/2015 Short Loan